Normal view
MARC view
- PRESS,WEF
Entry Personal Name
001 - CONTROL NUMBER
- control field: 90199
003 - CONTROL NUMBER IDENTIFIER
- control field: NUST
005 - DATE AND TIME OF LATEST TRANSACTION
- control field: 20220304122711.0
008 - FIXED-LENGTH DATA ELEMENTS
- fixed length control field: 220304|| aca||aabn | a|a d
040 ## - CATALOGING SOURCE
- Original cataloging agency: NUST
- Transcribing agency: NUST
100 ## - HEADING--PERSONAL NAME
- Personal name: PRESS,WEF
670 ## - SOURCE DATA FOUND
- Source citation: Work cat.: (NUST): PRESS,WEF., INDUSTRIAL WASTE WATER MANAGEMENTS DISPOSAL /, 2008 P. ;
